LEADER 01038nam a2200265 a 4500 001 000000169707 003 CaOOAMICUS 005 20181003105857.0 008 181003s1973 it u000 u ita r 032 $aLibriCat 040 $aPUL$bita 100 1 $aFasoli, Gina,$d1905-1992.$0(OLS)http://pul/name/3265 245 13$aLa cittą medievale italiana /$cGina Fasoli, Francesca Bocchi. 260 $aFirenze :$bSansoni,$c1973. 300 $a185 p. ;$c18 cm. 490 1 $aScuola aperta.$aStoria 650 4$aCittą$zItalia$yEvo medio.$0(OLS)http://pul/subject/30354 700 1 $aBocchi, Francesca.$0(OLS)http://pul/name/5530 830 0$aScuola aperta.$pStoria.$0(OLS)http://pul/title/8554 850 $aPUL 852 $aPUL$W1$xDP1 Fondo Dalla Palma$y117$m10 A 52$j163731$qFondi$B197716$CPULBib$Z2$F197716 $HDal964 $81 941 1 $a1 996 $6245$aLa cittą medievale italiana$9(OLS)http://pul/title/210358 996 $6260$aFirenze :$bSansoni$9(OLS)http://pul/publisher/47896 LEADER 01542nam a2200325 a 4500 001 000000175673 003 CaOOAMICUS 005 20230131131629.0 008 230131s2018 it u000 u ita r 020 $z978-88-922-1585-6* 032 $aLibriCat 040 $aPUL$bita 082 14$a268.4 110 2 $aPontificio Consiglio per la promozione della nuova evangelizzazione.$0(OLS)http://pul/name/85344 245 13$aUn catechismo per il nostro tempo :$bcustodire e trasmettere la fede oggi / $cPontificio Consiglio per la Promozione della Nuova Evangelizzazione ; a cura di Rino Fisichella. 260 $aCinisello Balsamo :$bSan Paolo,$c©2018. 300 $a126 p. ;$c21 cm 490 1 $aScintilla nova ;$v1 650 4$aCatechesi$xSec. XXI.$0(OLS)http://pul/subject/39301 700 1 $aFisichella, Rino,$cvescovo.,$d1951-$0(OLS)http://pul/name/21522 830 0$aScintilla nova$b(San Paolo) ;$v1.$0(OLS)http://pul/title/214759 850 $aPUL 852 $aPUL$W1$xSL Religione 3$y85$m268. 4 PCPNE 1$j199857$qDDC 21$B204617$CPULBib$Z2$F204617 $H135982 $82 900 $aFisichella, Salvatore,$cvesc.$d1951-$921522 941 1 $a9 996 $6020$z978-88-922-1585-6*$9(OLS)http://pul/number/168976 996 $6082$a268.4$9(OLS)http://pul/classification/1854 996 $6245$aUn catechismo per il nostro tempo :$bcustodire e trasmettere la fede oggi / $9(OLS)http://pul/title/217132 996 $6260$aCinisello Balsamo :$bSan Paolo$9(OLS)http://pul/publisher/54577